<?xml version="1.0" encoding="UTF-8"?>
<record
    xmlns:xsi="http://www.w3.org/2001/XMLSchema-instance"
    xsi:schemaLocation="http://www.loc.gov/MARC21/slim http://www.loc.gov/standards/marcxml/schema/MARC21slim.xsd"
    xmlns="http://www.loc.gov/MARC21/slim">

  <leader>00785nam a2200217 i 4500</leader>
  <controlfield tag="001">133771</controlfield>
  <controlfield tag="003">ES-MaACL</controlfield>
  <controlfield tag="005">20250902055926.0</controlfield>
  <controlfield tag="007">t|</controlfield>
  <controlfield tag="008">070828s1970    sp           ||||1| spa d</controlfield>
  <datafield tag="100" ind1="1" ind2=" ">
    <subfield code="a">Woot, Philippe de.</subfield>
    <subfield code="9">117366</subfield>
  </datafield>
  <datafield tag="245" ind1="1" ind2="0">
    <subfield code="a">Doctrina de la empresa / </subfield>
    <subfield code="c">Philippe de Woot ; prefacio de Jos&#xE9; Manuel Gonz&#xE1;lez P&#xE1;ramo ; pr&#xF3;logo de Fran&#xE7;ois Bloch-Lain&#xE9; ; [versi&#xF3;n... por Juan Andr&#xE9;s Iglesias Sanz].</subfield>
  </datafield>
  <datafield tag="260" ind1=" " ind2=" ">
    <subfield code="a">Madrid : </subfield>
    <subfield code="b">Rialp, </subfield>
    <subfield code="c">[1970]</subfield>
  </datafield>
  <datafield tag="300" ind1=" " ind2=" ">
    <subfield code="a">338 p. ; </subfield>
    <subfield code="c">24 cm.</subfield>
  </datafield>
  <datafield tag="650" ind1="1" ind2="7">
    <subfield code="a">Empresas</subfield>
    <subfield code="2">embne</subfield>
    <subfield code="9">12209</subfield>
  </datafield>
  <datafield tag="700" ind1="1" ind2=" ">
    <subfield code="a">Bloch-Laine, Fran&#xE7;ois.</subfield>
    <subfield code="9">29523</subfield>
  </datafield>
  <datafield tag="700" ind1="0" ind2=" ">
    <subfield code="a">Iglesias, Juan Andr&#xE9;s.</subfield>
    <subfield code="9">65084</subfield>
  </datafield>
  <datafield tag="700" ind1="1" ind2=" ">
    <subfield code="a">Gonz&#xE1;lez P&#xE1;ramo, Jos&#xE9; Manuel, </subfield>
    <subfield code="d">1927-</subfield>
    <subfield code="9">152414</subfield>
  </datafield>
  <datafield tag="852" ind1=" " ind2=" ">
    <subfield code="a">ES-MaACL</subfield>
    <subfield code="j">C-44564 </subfield>
    <subfield code="b">R.74894</subfield>
  </datafield>
  <datafield tag="999" ind1=" " ind2=" ">
    <subfield code="c">133771</subfield>
    <subfield code="d">133771</subfield>
  </datafield>
  <datafield tag="952" ind1=" " ind2=" ">
    <subfield code="0">0</subfield>
    <subfield code="1">0</subfield>
    <subfield code="4">0</subfield>
    <subfield code="7">0</subfield>
    <subfield code="a">ATENEOM</subfield>
    <subfield code="b">ATENEOM</subfield>
    <subfield code="c">DEPO2</subfield>
    <subfield code="d">2008-01-17</subfield>
    <subfield code="e">SC</subfield>
    <subfield code="l">0</subfield>
    <subfield code="o">C-44564</subfield>
    <subfield code="p">1139253</subfield>
    <subfield code="r">2023-02-23 00:00:00</subfield>
    <subfield code="w">2023-02-23</subfield>
    <subfield code="y">MONOGRAFIA</subfield>
  </datafield>
</record>
